Red or Blue? - Statistics

General Stats
  • This quiz has been taken 18 times
    17 since last reset
  • The average score is 12 of 32
Answers on the Grid
Answers color-coded by a green-red scale on the quiz's grid according to % correct below.
Alabama
Alaska
Arizona
Arkansas
California
Colorado
Connecticut
Delaware
Florida
Georgia
Hawaii
Idaho
Illinois
Indiana
Iowa
Kansas
Kentucky
Louisiana
Maine
Maryland
Massachusetts
Michigan
Minnesota
Mississippi
Missouri
Montana
Nebraska
Nevada
New Hampshire
New Jersey
New Mexico
New York
North Carolina
North Dakota
Ohio
Oklahoma
Oregon
Pennsylvania
Rhode Island
South Carolina
South Dakota
Tennessee
Texas
Utah
Vermont
Virginia
Washington
Washington D.C.
West Virginia
Wisconsin
Wyoming
 
Answer Stats
Answer % Correct
Alabama
80%
Arkansas
70%
Florida
70%
Alaska
60%
Kansas
60%
Arizona
50%
Georgia
50%
Indiana
50%
Kentucky
50%
Idaho
40%
Iowa
40%
Louisiana
40%
Mississippi
40%
Texas
40%
Michigan
30%
Missouri
30%
Montana
30%
Nebraska
30%
North Dakota
30%
Ohio
30%
Oklahoma
30%
Pennsylvania
30%
South Carolina
30%
Nevada
20%
North Carolina
20%
South Dakota
20%
Tennessee
20%
Utah
20%
West Virginia
20%
Wisconsin
20%
Wyoming
20%
Vermont
0%
No matching quizzes found
Score Distribution
Percent of People with Each Score
Percentile by Number Answered
Your Score History
You have not taken this quiz since the last reset